000 00928nam a2200277Ia 4500
003 OSt
005 20220927114913.0
006 a|||||r|||| 00| 0
007 ta
008 220926b |||||||| |||| 00| 0 eng d
024 _a41348
037 _cThesis and Dissertations
040 _aRTL
_cRTL
_beng
041 _2eng
_aeng
082 _a"X:77.271.N83<-N57, M8/Th"
100 _aKhuntia Janmejoy
_9389444
110 _aDepartment of Economics. University of Delhi
_9389445
245 0 _aPoverty and inequality in Orissa (1957-83)
260 _aDelhi
_bUniversity of Delhi India
_c1988
300 _a"vi, 288p. Bib p 280-88 ; Appendix p 265-79"
_ccm.
650 _a Economics
650 _aIndia
700 _aDepartment of Economics. University of Delhi
_9389446
942 _h"X:77.271.N83<-N57, M8/Th"
_cCC
999 _c705161
_d705161